| 000 | 00641nam a2200229Ia 4500 | ||
|---|---|---|---|
| 003 | OSt | ||
| 005 | 20220928103533.0 | ||
| 006 | a|||||r|||| 00| 0 | ||
| 007 | ta | ||
| 008 | 220927b |||||||| |||| 00| 0 eng d | ||
| 024 | _a52387 | ||
| 037 | _cTextual | ||
| 040 |
_aSDCL _cSDCL _beng |
||
| 041 |
_2eng _aeng |
||
| 082 | _aO152,6M84,1, K9.2 | ||
| 100 |
_aShukla Ram Chandra _9405020 |
||
| 245 | 0 |
_aChintamani _b Aalochanatmak nibandha. |
|
| 260 |
_aVaranasi _bNagiri Pracharini Sabha _c1969 |
||
| 300 |
_a223p _ccm. |
||
| 942 |
_hO152,6M84,1, K9.2 _cTEXL _2CC |
||
| 999 |
_c720684 _d720684 |
||